Statistics for Northernmost Countries by Continent

Click here to take the quiz!

General Stats

  • This quiz has been taken 232 times
    (196 since last reset)
  • The average score is 6 of 6

Answer Stats

Continent Country % Correct
AfricaTunisia
99%
AsiaRussia
99%
North AmericaCanada
99%
EuropeRussia
95%
South AmericaColombia
93%
OceaniaMarshall Islands
75%

Score Distribution

Percentile by Number Answered

Percent of People with Each Score

Your Score History

You have not taken this quiz since the last reset